书目信息 |
| 题名: |
晚明文人的文化传播研究
|
|
| 作者: | 聂付生 著 | |
| 分册: | ||
| 出版信息: | 成都 电子科技大学出版社 2014.1 |
|
| 页数: | 10,250页 | |
| 开本: | 24cm | |
| 丛书名: | 当代学者人文论丛 | |
| 单 册: | ||
| 中图分类: | G129 | |
| 科图分类: | ||
| 主题词: | 文人--Wen Ren--文化传播--研究--中国--晚明 , 文化传播--Wen Hua Chuan Bo , 研究--Yan Jiu , 中国--Zhong Guo | |
| 电子资源: | ||
| ISBN: | 978-7-5647-1930-2 | |
| 000 | 01133nam0 22003011 450 | |
| 001 | 350588 | |
| 005 | 20161012081307.62 | |
| 010 | @a978-7-5647-1930-2@dCNY55.00 | |
| 100 | @a20140310d2014 em y0chiy50 ea | |
| 101 | 0 | @achi |
| 102 | @aCN@b510000 | |
| 105 | @ay z 000yy | |
| 106 | @ar | |
| 200 | 1 | @a晚明文人的文化传播研究@AWan Ming Wen Ren De Wen Hua Chuan Bo Yan Jiu@f聂付生著 |
| 210 | @a成都@c电子科技大学出版社@d2014.1 | |
| 215 | @a10,250页@d24cm | |
| 225 | 2 | @a当代学者人文论丛@ADang Dai Xue Zhe Ren Wen Lun Cong |
| 300 | @a浙江省社科联省级社会科学学术著作出版资金资助出版 | |
| 330 | @a本书分为六章,内容包括:“文化传播与晚明文人的文化理念”、“晚明文化传播文本叙事”、“晚明文化传媒及其机制”、“世界视野与传统习惯:两种文化传播的心路扫描”、“晚明文化传播个案研究”等。 | |
| 461 | 0 | @12001 @a当代学者人文论丛 |
| 606 | 0 | @a文人@AWen Ren@x文化传播@x研究@y中国@z晚明 |
| 606 | 0 | @a文化传播@AWen Hua Chuan Bo |
| 606 | 0 | @a研究@AYan Jiu |
| 606 | 0 | @a中国@AZhong Guo |
| 690 | @aG129@v5 | |
| 701 | 0 | @a聂付生@ANie Fu Sheng@f(1962~)@4著 |
| 801 | 0 | @aCN@bTANGWEI@c20160804 |
| 905 | @b0890785-9@dG129@e184@f5 | |
| 晚明文人的文化传播研究/聂付生著.-成都:电子科技大学出版社,2014.1 |
| 10,250页;24cm.-(当代学者人文论丛) |
| 浙江省社科联省级社会科学学术著作出版资金资助出版 |
| ISBN 978-7-5647-1930-2:CNY55.00 |
| 本书分为六章,内容包括:“文化传播与晚明文人的文化理念”、“晚明文化传播文本叙事”、“晚明文化传媒及其机制”、“世界视野与传统习惯:两种文化传播的心路扫描”、“晚明文化传播个案研究”等。 |
| ● |
| 相关链接 |
|
|
|
|
正题名:晚明文人的文化传播研究
索取号:G129/184
 
预约/预借
| 序号 | 登录号 | 条形码 | 馆藏地/架位号 | 状态 | 备注 |
| 1 | 0890785 | 208907851 | 第一样本阅览室/ [索取号:G129/184] | 在馆 | |
| 2 | 0890786 | 208907860 | 第四借阅区/ [索取号:G129/184] | 在馆 | |
| 3 | 0890787 | 208907879 | 第四借阅区/ [索取号:G129/184] | 在馆 | |
| 4 | 0890788 | 208907888 | 第四借阅区/ [索取号:G129/184] | 在馆 | |
| 5 | 0890789 | 208907897 | 第四借阅区/ [索取号:G129/184] | 在馆 |